01159nam a2200265Ia 450000500170000000800410001708200200005811000480007824500800012625000120020630000490021850000530026760000680032061000780038865000490046665000470051594200130056226400450057533600270062033700330064733800280068004000350070899900150074395201350075820220317001232.0160825s1996 ck a g 000 0 spa 04aR 708.074bB15r2 aBanco de la República. Bucaramanga96797810aRodríguez NaranjocBanco de la República,Área Cultural de Bucaramanga a1a. ed. a58 páginas bilustraciones, fotos c28 cm  aExposición realizada en Julio y Agosto de 198814aRodriguez Naranjo, Oscard1901- xTrabajos pictóricos 9679791 aBanco de la República (Bucaramanga)vExposiciones vCatálogos 967980142LEMBaPintura colombianaxHistoriaySiglo XX142LEMB aPintores colombianos vBiografía  2ddccREF aBogotábBanco de la República,c1996 atextobtxt2rdacontent asin mediaciónbn2rdamedia avolumenbnc2rdacarrier aCO-BoRNBPbspaerdacCO-BoRNBP c6337d6337 00102ddc40708GENaMEDORADObMEDORADOcREFd2023-02-10l0oR 708.074 B15rpDOR01220r2023-02-10 00:00:00tEj.1w2023-02-10yREF